Aku mahu buli

Bibliographic Details
Main Author: Ain Maisarah
Format: Book
Published: Selangor : PTS One , 2009
Subjects:

MARC

LEADER 00000cam a2200000 7i4500
001 0000027839
005 20151222.0
008 091022
020 |a 983365410X 
090 0 0 |a JF   |b MAL 
100 1 |a Ain Maisarah 
245 1 0 |a Aku mahu buli   |c Ain Maisarah 
260 |a Selangor :   |b PTS One ,   |c 2009 
500 |a Children ages 10-12 years old (pink) 
650 0 |a Children's stories, Malaysia 
650 0 |a Malay fiction 
999 |a 0001061782   |b Book   |c Children Collection   |e Perbadanan Perpustakaan Awam Johor 
999 |a 0001137104   |b Book   |c Children Collection   |e Perbadanan Perpustakaan Awam Johor 
999 |a 0001137107   |b Book   |c Children Collection   |e Perbadanan Perpustakaan Awam Johor